[Event "Salon de Provence op 12th"]
[Site "Salon de Provence"]
[Date "2022.07.10"]
[Round "3"]
[White "Piquemal, Jean Christophe"]
[Black "Schmitz, Yves"]
[Result "1/2-1/2"]
[WhiteElo "1164"]
[BlackElo "1463"]
[PlyCount "85"]
[EventDate "2022.07.09"]
[EventType "swiss"]
[EventRounds "9"]
[EventCountry "FRA"]
[SourceTitle "CBM 209 Extra"]
[Source "ChessBase"]
[SourceDate "2022.09.30"]
[SourceVersion "1"]
[SourceVersionDate "2022.09.30"]
[SourceQuality "1"]

1. d4 Nf6 2. c4 e6 3. Nc3 Bb4 4. Nf3 b6 5. Bg5 h6 6. Bh4 0-0 7. e3 d5 8. Rc1 Nbd7 9. cxd5 exd5 10. Bb5 Be7 11. 0-0 Bb7 12. a3 c6 13. Ba4 Ne8 14. Bg3 b5 15. Bc2 a5 16. e4 b4 17. axb4 axb4 18. Ne2 Nb6 19. b3 Nc7 20. e5 Nb5 21. Qd3 g6 22. Nf4 Na3 23. e6 f5 24. Nxg6 Nxc2 25. Qxc2 Rf6 26. Nxe7+ Qxe7 27. Bh4 Qxe6 28. Bxf6 Qxf6 29. Rfe1 Nd7 30. Qd2 Qf8 31. Ra1 Nf6 32. Rxa8 Bxa8 33. h3 Ne4 34. Qf4 c5 35. dxc5 Qxc5 36. Qe3 Qd6 37. Qa7 Bc6 38. Nd4 Bd7 39. Qa8+ Kg7 40. Qb7 Kg6 41. Nf3 Kg7 42. Nh4 Kf6 43. Nf3 1/2-1/2